000 00740cab a2200253 4500
001 WB3109-24
008 090401t1995 xxu||||| |||| 00| 0 eng d
035 _a(Sirsi) u15503
041 _aeng
245 _aPrices poised for second dip
260 _c1995
350 _a0
490 _aIndependent
_v25 February 1995, 40(1)
520 _aRising interest rates and reduction in MIRAS and benefit for unemployed homeowners will cause another fall in house prices at the lower end of the market, according to Savills.
650 _a1995
650 _aFORECASTS
650 _aHOUSE PRICES
650 _aINTEREST RATES
650 _aMIRAS
650 _aSAVILLS
690 _aHOUSING-PRICES
942 _n0
948 _c04/03/1997
999 _c10175
_d10175